00847nam a2200241Ia 4500003000400000005001700004008004100021020001800062040001800080041000800098082002200106100002900128245006300157250001200220260004400232300002400276650004000300650006300340700002600403942003100429999001900460952012600479OSt20220316112210.0210716s2011 xx 000 0 und d a9788131719510 cAIMIT LIBRARY aeng a658.848 24bKEEW aKeegan, Warren J.923858 aGlobal marketing /cBy Warren J. Keegan and Mark C. Green. a4th ed. aNew Delhi :bPearson Education ,c2011. aXx, 636p. ;c28 cm. aGlobal marketing environment923859 aStrategy and leadership in the twenty first century923860 aGreen, Mark C.923861 2ddccBKe4thk658.848 KEEW c208050d208050 001040708MBAaAIMITbAIMITd2013-03-13g650.00l0o658.848 KEEWpMBA10616r2026-05-23 00:00:00v487.50w2021-07-16yBK